[Event "Mazowiec-chT 1213"]
[Site "Poland"]
[Date "2013.01.27"]
[Round "5.4"]
[White "Grabowicz, Marcin"]
[Black "Szewczyk, Mariusz"]
[Result "0-1"]
[WhiteElo "1920"]
[BlackElo "2074"]
[PlyCount "118"]
[EventDate "2013.01.13"]
[EventType "team-tourn"]
[EventRounds "10"]
[EventCountry "POL"]
[SourceTitle "EXT 2019"]
[Source "ChessBase"]
[SourceDate "2018.10.10"]
[SourceVersion "1"]
[SourceVersionDate "2018.10.10"]
[SourceQuality "1"]

1. e4 e5 2. Nf3 Nf6 3. Nxe5 d6 4. Nf3 Nxe4 5. d4 d5 6. Bd3 Bd6 7. c4 c6 8. Nc3 0-0 9. 0-0 Nxc3 10. bxc3 Bg4 11. h3 Bh5 12. Re1 Nd7 13. cxd5 cxd5 14. g4 Bg6 15. Ne5 Bxd3 16. Qxd3 Re8 17. Bf4 Qf6 18. Qg3 Nb6 19. Nd3 Bxf4 20. Qxf4 Qxf4 21. Nxf4 Kf8 22. Kf1 Rac8 23. Rac1 Rxe1+ 24. Kxe1 Ke7 25. Kd2 g6 26. Rb1 Kd6 27. Nd3 Nc4+ 28. Kd1 b6 29. Nf4 a6 30. Nd3 f6 31. Rb3 Rb8 32. a4 Rb7 33. Nb4 Rf7 34. Nd3 f5 35. g5 Re7 36. Nb2 Nxb2+ 37. Rxb2 Kc6 38. f3 Re3 39. Re2 Rxe2 40. Kxe2 b5 41. a5 b4 42. cxb4 Kb5 43. Ke3 Kxb4 44. Kf4 Kxa5 45. Ke5 Kb6 46. Kxd5 Kc7 47. Ke6 Kd8 48. Kf7 a5 49. Kg7 a4 50. Kxh7 a3 51. Kxg6 a2 52. Kxf5 a1Q 53. f4 Qxd4 54. g6 Ke7 55. Kg5 Qf6+ 56. Kh6 Qxf4+ 57. Kg7 Qf8+ 58. Kh7 Kf6 59. g7 Qxg7# 0-1

[Event "Warsaw YMCA Summer-A 109th"]
[Site "Warsaw"]
[Date "2012.07.25"]
[Round "5"]
[White "Kadzinski, Wieslaw"]
[Black "Grabowicz, Marcin"]
[Result "1-0"]
[WhiteElo "1965"]
[BlackElo "1895"]
[PlyCount "45"]
[EventDate "2012.07.11"]
[EventType "tourn"]
[EventRounds "9"]
[EventCountry "POL"]
[SourceTitle "EXT 2019"]
[Source "ChessBase"]
[SourceDate "2018.10.10"]
[SourceVersion "1"]
[SourceVersionDate "2018.10.10"]
[SourceQuality "1"]

1. e4 d5 2. exd5 Qxd5 3. Nc3 Qa5 4. d4 Nf6 5. Nf3 Bf5 6. Ne5 c6 7. g4 Be6 8. Bc4 Bxc4 9. Nxc4 Qc7 10. Qf3 e6 11. Bf4 Qd8 12. 0-0-0 Be7 13. g5 Nd5 14. Ne4 Nxf4 15. Qxf4 0-0 16. Rhg1 Nd7 17. Ne5 f5 18. gxf6 Nxf6 19. Rxg7+ Kxg7 20. Rg1+ Kh8 21. Qh6 Ne8 22. Qxf8+ Bxf8 23. Nf7# 1-0

[Event "Warsaw YMCA Summer-A 109th"]
[Site "Warsaw"]
[Date "2012.07.18"]
[Round "3"]
[White "Pawlowski, Michal"]
[Black "Grabowicz, Marcin"]
[Result "1/2-1/2"]
[WhiteElo "1868"]
[BlackElo "1895"]
[PlyCount "34"]
[EventDate "2012.07.11"]
[EventType "tourn"]
[EventRounds "9"]
[EventCountry "POL"]
[SourceTitle "EXT 2019"]
[Source "ChessBase"]
[SourceDate "2018.10.10"]
[SourceVersion "1"]
[SourceVersionDate "2018.10.10"]
[SourceQuality "1"]

1. d4 Nf6 2. Nf3 g6 3. g3 Bg7 4. Bg2 0-0 5. 0-0 d6 6. c4 a6 7. Nc3 Nc6 8. d5 Na5 9. Nd2 c5 10. e4 Rb8 11. a4 Bd7 12. h3 b5 13. axb5 axb5 14. cxb5 Bxb5 15. Nxb5 Rxb5 16. Qa4 Qb6 17. Re1 Nb3 1/2-1/2

[Event "Warsaw MG-ch 2nd"]
[Site "Warsaw"]
[Date "2012.03.09"]
[Round "8"]
[White "Pajak, Jakub Lech"]
[Black "Grabowicz, Marcin"]
[Result "0-1"]
[WhiteElo "1693"]
[BlackElo "1807"]
[PlyCount "104"]
[EventDate "2012.01.02"]
[EventType "swiss"]
[EventRounds "11"]
[EventCountry "POL"]
[SourceTitle "EXT 2014"]
[Source "ChessBase"]
[SourceDate "2013.11.20"]
[SourceVersion "1"]
[SourceVersionDate "2013.11.20"]
[SourceQuality "1"]

1. Nf3 Nf6 2. Nc3 d6 3. e4 c5 4. d4 cxd4 5. Nxd4 Nc6 6. f3 e5 7. Nb3 Be6 8. Nd5 Nxe4 9. g3 Nf6 10. Bg5 Bxd5 11. Bxf6 Bxf3 12. Qxf3 Qxf6 13. Qxf6 gxf6 14. Bb5 a6 15. Bxc6+ bxc6 16. 0-0 Be7 17. Na5 Kd7 18. Rad1 Rab8 19. b3 Kc7 20. Nc4 Rhe8 21. Nd2 d5 22. Nf3 e4 23. Nh4 Bc5+ 24. Kg2 Re6 25. Nf5 e3 26. Rfe1 e2 27. Rd3 Re5 28. Nd4 Rbe8 29. Kf3 Bxd4 30. Rxd4 Kb6 31. Rd2 Kc5 32. Rexe2 Rxe2 33. Rxe2 Rxe2 34. Kxe2 Kb4 35. a4 Kc3 36. Kd1 c5 37. g4 a5 38. h3 d4 39. Kc1 d3 40. cxd3 Kxb3 41. Kd2 Kxa4 42. Kc3 Kb5 43. Kb3 a4+ 44. Kc3 a3 45. Kb3 c4+ 46. dxc4+ Kc5 47. Kxa3 Kxc4 48. Kb2 Kd3 49. Kc1 Ke3 50. h4 Kf4 51. g5 fxg5 52. hxg5 Kxg5 0-1

[Event "Mazowiec-chT 1112"]
[Site "Poland"]
[Date "2012.02.26"]
[Round "10.15"]
[White "Zbrzeski, Piotr"]
[Black "Grabowicz, Marcin"]
[Result "0-1"]
[WhiteElo "1862"]
[BlackElo "1781"]
[PlyCount "50"]
[EventDate "2012.01.08"]
[EventType "team-tourn"]
[EventRounds "10"]
[EventCountry "POL"]
[SourceTitle "EXT 2019"]
[Source "ChessBase"]
[SourceDate "2018.10.10"]
[SourceVersion "1"]
[SourceVersionDate "2018.10.10"]
[SourceQuality "1"]

1. d4 Nf6 2. c4 c5 3. d5 b5 4. cxb5 a6 5. b6 Qxb6 6. Nc3 g6 7. e4 d6 8. Qc2 Bg7 9. h3 0-0 10. Be3 e6 11. dxe6 Bxe6 12. Be2 Nc6 13. Rd1 Nd4 14. Qd2 Nd7 15. Nf3 Nxe2 16. Qxe2 Rab8 17. Bc1 Qb4 18. Qc2 Bxa2 19. Rxd6 Bb3 20. Qd2 Nb6 21. Rc6 Rbd8 22. Rd6 Nc4 23. Rxd8 Nxd2 24. Rxf8+ Kxf8 25. Bxd2 Bc4 0-1

[Event "Warsaw MG-ch 2nd"]
[Site "Warsaw"]
[Date "2012.02.20"]
[Round "6"]
[White "Grabowicz, Marcin"]
[Black "Kepa, Wojciech"]
[Result "1-0"]
[WhiteElo "1781"]
[BlackElo "1643"]
[PlyCount "95"]
[EventDate "2012.01.02"]
[EventType "swiss"]
[EventRounds "11"]
[EventCountry "POL"]
[SourceTitle "EXT 2014"]
[Source "ChessBase"]
[SourceDate "2013.11.20"]
[SourceVersion "1"]
[SourceVersionDate "2013.11.20"]
[SourceQuality "1"]

1. e4 c5 2. Nf3 Nc6 3. d4 cxd4 4. c3 dxc3 5. Nxc3 e6 6. Bc4 Bb4 7. 0-0 Bxc3 8. bxc3 Nge7 9. Qd6 0-0 10. Bg5 f6 11. Be3 Ng6 12. Rfd1 Qe7 13. Qg3 Na5 14. Bb5 a6 15. Bf1 e5 16. h4 d6 17. h5 Nh8 18. Bh6 Rd8 19. Rd5 b5 20. Rad1 Nb7 21. Nh4 Kf8 22. Be3 Be6 23. c4 Bxd5 24. Rxd5 Qf7 25. Nf5 g6 26. Nh6 Qe6 27. Qf3 Nf7 28. Ng4 f5 29. hxg6 fxg4 30. Qxf7+ Qxf7 31. gxf7 Kxf7 32. cxb5 axb5 33. Rxb5 Nc5 34. Bxc5 dxc5 35. Bc4+ Ke7 36. Rxc5 Kf6 37. Bd5 Ra7 38. g3 Rb8 39. Rc6+ Kg7 40. Re6 Rf7 41. Rxe5 Rf3 42. Rg5+ Kf6 43. Rxg4 Rb2 44. e5+ Kxe5 45. Bxf3 Rxa2 46. Rg7 h6 47. Rg6 Ra3 48. Kg2 1-0

[Event "Mazowiec-chT 1112"]
[Site "Poland"]
[Date "2012.02.19"]
[Round "7.16"]
[White "Skwarek, Hubert"]
[Black "Grabowicz, Marcin"]
[Result "1/2-1/2"]
[WhiteElo "1631"]
[BlackElo "1781"]
[PlyCount "63"]
[EventDate "2012.01.08"]
[EventType "team-tourn"]
[EventRounds "10"]
[EventCountry "POL"]
[SourceTitle "EXT 2019"]
[Source "ChessBase"]
[SourceDate "2018.10.10"]
[SourceVersion "1"]
[SourceVersionDate "2018.10.10"]
[SourceQuality "1"]

1. e4 d5 2. exd5 Qxd5 3. d4 Nf6 4. Nc3 Qa5 5. Bd3 c6 6. Nf3 Bg4 7. h3 Bh5 8. 0-0 e6 9. Ne4 Nxe4 10. Bxe4 Nd7 11. Be3 Nf6 12. Bd3 Bd6 13. Qe1 Qc7 14. Nd2 0-0-0 15. c4 Bh2+ 16. Kh1 Bf4 17. b4 Bg6 18. Be2 Ne4 19. Nxe4 Bxe4 20. b5 g5 21. bxc6 Bxc6 22. Qc3 Rhg8 23. Rac1 g4 24. hxg4 f5 25. d5 exd5 26. cxd5 Rxd5 27. Bf3 Be5 28. Qc4 Rxg4 29. Bxg4 fxg4 30. Qxd5 Bxd5 31. Rxc7+ Kxc7 32. Rc1+ 1/2-1/2